[Event "TCh-CHN Division A 2014"]
[Site "Jiangmen CHN"]
[Date "2014.04.15"]
[Round "4.1"]
[White "Yu, Yangyi"]
[Black "Liu, Guanchu"]
[Result "1/2-1/2"]
[WhiteTitle "GM"]
[BlackTitle "IM"]
[WhiteElo "2705"]
[BlackElo "2409"]
[WhiteTeam "Beijing"]
[BlackTeam "Chengdu"]
[WhiteFideId "8603820"]
[BlackFideId "8603901"]
[EventDate "2014.04.12"]

1. Nf3 f5 2. d3 Nc6 3. d4 d6 4. d5 Ne5 5. Nxe5 dxe5 6. e4 e6 7. Bb5+ Bd7 8.
Bxd7+ Qxd7 9. dxe6 Qxd1+ 10. Kxd1 O-O-O+ 11. Ke2 fxe4 12. Nc3 Nf6 13. Bg5 Re8
14. Bxf6 gxf6 15. g4 Rxe6 16. Nxe4 Bh6 17. Rad1 Rf8 18. Ng3 b5 19. Nf5 Bf4 20.
Rd5 a6 21. Rhd1 Kb7 22. h3 Rc6 23. c3 Rh8 24. Rd7 h5 25. Nd6+ Kb6 26. Nf7 Rg8
27. gxh5 f5 28. Re7 e4 29. Rd8 Rg2 30. Ne5 Rh6 31. Rb8+ Ka7 32. Rc8 Kb6 33. Rb8+ 1/2-1/2

[Event "TCh-CHN Division A 2014"]
[Site "Jiangmen CHN"]
[Date "2014.04.15"]
[Round "4.1"]
[White "Wang, Yiye"]
[Black "Li, Di"]
[Result "0-1"]
[WhiteTitle "IM"]
[BlackTitle "FM"]
[WhiteElo "2422"]
[BlackElo "2209"]
[WhiteTeam "Beijing"]
[BlackTeam "Chengdu"]
[WhiteFideId "8606021"]
[BlackFideId "8607508"]
[EventDate "2014.04.12"]

1. d4 Nf6 2. Bg5 g6 3. Nc3 d5 4. g3 Bg7 5. Bg2 c6 6. Qd2 h6 7. Bxf6 exf6 8. e3
h5 9. Nge2 Nd7 10. O-O-O Nb6 11. Qd3 f5 12. f3 O-O 13. e4 fxe4 14. fxe4 dxe4 15.
Bxe4 Qd6 16. Nf4 Bg4 17. Bf3 Nc4 18. Bxg4 Qb4 19. Na4 hxg4 20. Qb3 Qxb3 21. axb3
Ne3 22. Rd3 Rfe8 23. h3 gxh3 24. Nxh3 Rad8 25. c3 b6 26. Nf4 Ng4 27. Rf1 Bf6 28.
b4 Kg7 29. b3 Bg5 30. Nb2 b5 31. Nd1 Re4 32. Kc2 f5 33. Rff3 Rh8 34. c4 Rh2+ 35.
Kb1 Re1 36. Kc1 Be7 37. cxb5 cxb5 38. Rd2 Rxd2 39. Kxd2 Bxb4+ 40. Nc3 Re3 41.
Rxe3 Nxe3 42. Kxe3 Bxc3 43. Ne6+ Kf6 44. Nc7 b4 45. Nb5 a5 46. Nd6 Ke6 47. Nc4
g5 48. Nxa5 Kd5 49. Nc4 Bxd4+ 50. Kf3 Bc5 51. g4 f4 52. Ke2 Kd4 53. Nd2 Be7 54.
Nc4 Kc3 55. Na5 Bd8 56. Nc6 Bc7 57. Kd1 Kxb3 58. Nd4+ Ka2 59. Kc2 Bb6 60. Nb3 f3
61. Nc1+ Ka3 62. Nb3 f2 63. Nd2 Ka2 0-1

[Event "TCh-CHN Division A 2014"]
[Site "Jiangmen CHN"]
[Date "2014.04.15"]
[Round "4.1"]
[White "Wang, Hao"]
[Black "Zhao, Yuanhe"]
[Result "1-0"]
[WhiteTitle "GM"]
[WhiteElo "2710"]
[BlackElo "2137"]
[WhiteTeam "Beijing"]
[BlackTeam "Chengdu"]
[WhiteFideId "8602883"]
[BlackFideId "8609497"]
[EventDate "2014.04.12"]

1. Nf3 Nf6 2. c4 g6 3. g3 Bg7 4. Bg2 c5 5. Nc3 O-O 6. d4 cxd4 7. Qxd4 Nc6 8. Qh4
d6 9. O-O Bd7 10. Bh6 Bxh6 11. Qxh6 Ng4 12. Qh4 f6 13. h3 Nge5 14. Nxe5 Nxe5 15.
Rfd1 Rb8 16. Qd4 b6 17. Rac1 Kg7 18. Kh2 Be6 19. Nd5 Qd7 20. b4 Bxd5 21. Bxd5 e6
22. Bg2 Rfd8 23. a3 Qe7 24. a4 a5 25. f4 Nf7 26. bxa5 bxa5 27. Rb1 e5 28. Qe3
Qc7 29. Bd5 Rb4 30. Rxb4 axb4 31. Ra1 Qa5 32. Kg2 Re8 33. Qd2 Nd8 34. f5 Re7 35.
h4 Ra7 36. fxg6 hxg6 37. h5 gxh5 38. Rh1 Nf7 39. Rxh5 b3 40. Qd3 Ng5 41. Qxb3
Qd2 42. Bf3 e4 43. Bg4 f5 44. Qb8 fxg4 45. Qxa7+ Kg6 46. Rxg5+ Qxg5 47. Qd4 Qe7
48. a5 Qc7 49. Qxe4+ Kh6 50. Qf4+ Kh5 51. Qf5+ Kh6 52. Qf6+ Kh5 53. Qh4+ Kg6 54.
Qxg4+ Kh6 55. Qe6+ Kg7 56. Qd5 Qe7 57. Qd4+ Kg8 58. Qg4+ 1-0

[Event "TCh-CHN Division A 2014"]
[Site "Jiangmen CHN"]
[Date "2014.04.15"]
[Round "4.1"]
[White "Li, Yunshan"]
[Black "Wang, Jue"]
[Result "0-1"]
[WhiteTitle "WFM"]
[BlackTitle "WGM"]
[WhiteElo "1951"]
[BlackElo "2353"]
[WhiteTeam "Chengdu"]
[BlackTeam "Beijing"]
[WhiteFideId "8607664"]
[BlackFideId "8604070"]
[EventDate "2014.04.12"]

1. d4 Nf6 2. c4 g6 3. Nc3 Bg7 4. Nb1 Bf8 5. Nc3 Bg7 6. e4 d6 7. Nf3 O-O 8. Be2
Nbd7 9. O-O e5 10. Be3 Re8 11. Qc2 exd4 12. Nxd4 Nc5 13. f3 a5 14. Qd2 Bd7 15.
Rfd1 a4 16. Bg5 Nfxe4 17. fxe4 Bxd4+ 18. Qxd4 Qxg5 19. Nd5 Nxe4 20. Bf3 c5 21.
Qd3 Bf5 22. Nc7 Nf2 23. Qd2 Nxd1 24. Rxd1 Qe7 25. Nxa8 Rxa8 26. Re1 Qf6 27. a3
Kg7 28. Re2 Rb8 29. Bd5 b5 30. cxb5 Rxb5 31. Bc4 Rb7 32. h3 Re7 33. Rxe7 Qxe7
34. Qc3+ Qf6 35. Qd2 Be6 36. Bb5 Bb3 37. Be2 d5 38. Bf3 d4 39. Be4 c4 40. Qc1 d3
41. Qe3 Qxb2 42. Bf3 d2 0-1

[Event "TCh-CHN Division A 2014"]
[Site "Jiangmen CHN"]
[Date "2014.04.15"]
[Round "4.1"]
[White "Ren, Xiaoyi"]
[Black "Song, Yuxin"]
[Result "1-0"]
[WhiteElo "2130"]
[BlackElo "1685"]
[WhiteTeam "Chengdu"]
[BlackTeam "Beijing"]
[WhiteFideId "8608709"]
[BlackFideId "8614300"]
[EventDate "2014.04.12"]

1. d4 Nf6 2. c4 c5 3. e3 e6 4. Nc3 Nc6 5. d5 exd5 6. cxd5 Ne5 7. f4 Ng6 8. d6
Qb6 9. e4 Qxd6 10. Qxd6 Bxd6 11. e5 Nxe5 12. fxe5 Bxe5 13. Nf3 Bxc3+ 14. bxc3 d5
15. Be3 b6 16. Bb5+ Bd7 17. Bxd7+ Kxd7 18. O-O Rhe8 19. Bf4 Ne4 20. c4 d4 21.
Ng5 Nxg5 22. Bxg5 f6 23. Bf4 Re4 24. a4 Kc6 25. a5 Kb7 26. Bg3 Rae8 27. Ra4 R8e7
28. axb6 axb6 29. Rfa1 Re3 30. Ra8 Kc6 31. Rd8 Kb7 32. Rb1 Rc3 33. Rb8+ Kc6 34.
R1xb6+ Kd7 35. Rd6+ Kc7 36. Rdd8+ Kc6 37. Rbc8+ Kb6 38. Rd6+ Kb7 39. Rxc5 Rc1+
40. Kf2 Rc2+ 41. Kf3 Rc3+ 42. Kf4 d3 43. Kf5 Rc1 44. Rxd3 Rf1+ 45. Kg4 f5+ 46.
Rxf5 Rxf5 47. Kxf5 Kc6 48. Bd6 Rf7+ 49. Kg4 Rf6 50. c5 Rg6+ 51. Kf3 Rf6+ 52. Ke2
Re6+ 53. Re3 Rf6 54. Re7 Rg6 55. g3 Kd5 56. Kd3 Rg4 57. Be5 1-0

[Event "TCh-CHN Division A 2014"]
[Site "Jiangmen CHN"]
[Date "2014.04.15"]
[Round "4.2"]
[White "Savchenko, Boris"]
[Black "Fang, Yuxiang"]
[Result "1/2-1/2"]
[WhiteTitle "GM"]
[WhiteElo "2598"]
[BlackElo "2324"]
[WhiteTeam "Tianjing"]
[BlackTeam "Qingdao Qingwei"]
[WhiteFideId "4147332"]
[BlackFideId "8605840"]
[EventDate "2014.04.12"]

1. e4 e6 2. d4 d5 3. Nc3 dxe4 4. Nxe4 Nd7 5. g3 Ngf6 6. Nxf6+ Nxf6 7. Bg2 e5 8.
Nf3 exd4 9. Nxd4 Be7 10. O-O O-O 11. c3 c6 12. Qb3 Qb6 13. Be3 Bc5 14. Qc4 Ng4
15. Bf4 Bxd4 16. Qxd4 Qxd4 17. cxd4 Nf6 18. b4 Nd5 19. Bxd5 cxd5 20. Rfc1 Bf5
21. Rc5 Rfd8 22. Re1 Rd7 23. Re3 h6 24. a4 a6 25. f3 Be6 26. Kf2 Rdd8 27. Rc7
Rd7 28. Rc5 Rdd8 29. g4 Rac8 30. Bc7 Re8 31. Rec3 Bd7 32. b5 axb5 33. axb5 Be6
34. Kg3 g5 35. h4 f6 36. f4 gxf4+ 37. Bxf4 Rxc5 38. dxc5 d4 39. Rc1 Ra8 40. c6
bxc6 41. b6 Ra3+ 42. Kf2 Ra2+ 43. Ke1 Rb2 44. Rxc6 Bxg4 45. Bxh6 d3 46. Bd2 Kf7
47. Bc3 1/2-1/2

[Event "TCh-CHN Division A 2014"]
[Site "Jiangmen CHN"]
[Date "2014.04.15"]
[Round "4.2"]
[White "Ma, Qun"]
[Black "Yu, Chaojie"]
[Result "1-0"]
[WhiteTitle "GM"]
[WhiteElo "2621"]
[BlackElo "2107"]
[WhiteTeam "Tianjing"]
[BlackTeam "Qingdao Qingwei"]
[WhiteFideId "8603154"]
[BlackFideId "8608555"]
[EventDate "2014.04.12"]

1. Nf3 d6 2. d4 Bg4 3. e4 Nd7 4. h3 Bh5 5. Nc3 e5 6. Be3 Ngf6 7. Bd3 Be7 8. g4
Bg6 9. g5 Nh5 10. Qd2 O-O 11. h4 f5 12. gxf6 Bxf6 13. O-O-O Kh8 14. d5 Nf4 15.
Rdg1 Bh5 16. Ng5 Bxg5 17. hxg5 Nxd3+ 18. cxd3 Bg6 19. Rg3 Kg8 20. Ne2 c6 21.
dxc6 Qc7 22. f4 Qxc6+ 23. Kb1 Nc5 24. Rc1 exf4 25. Nxf4 Bf7 26. g6 hxg6 27. Nxg6
Bxa2+ 28. Kxa2 Qa4+ 29. Kb1 Qc6 30. Ka2 Qa4+ 31. Kb1 Nb3 32. Ne7+ Kf7 33. Rxg7+
Ke6 34. Qg2 Qa1+ 35. Kc2 Nd4+ 36. Bxd4 Rac8+ 37. Nxc8 Rxc8+ 38. Kb3 1-0

[Event "TCh-CHN Division A 2014"]
[Site "Jiangmen CHN"]
[Date "2014.04.15"]
[Round "4.2"]
[White "Lv, Jingen"]
[Black "Ni, Shiqun"]
[Result "0-1"]
[BlackTitle "WIM"]
[WhiteElo "1823"]
[BlackElo "2262"]
[WhiteTeam "Qingdao Qingwei"]
[BlackTeam "Tianjing"]
[WhiteFideId "8610509"]
[BlackFideId "8608466"]
[EventDate "2014.04.12"]

1. e4 e5 2. Nf3 Nf6 3. Nxe5 d6 4. Nf3 Nxe4 5. d4 d5 6. Bd3 Nc6 7. O-O Be7 8. c4
Nb4 9. cxd5 Nxd3 10. Qxd3 Qxd5 11. Bf4 Bf5 12. Qe3 Qd8 13. Nc3 Nxc3 14. bxc3 O-O
15. Qe5 Bg4 16. Nd2 c6 17. Rab1 Qd7 18. Ne4 b6 19. Ng3 Rfe8 20. Qc7 b5 21. Rfe1
Qxc7 22. Bxc7 Be6 23. Rb2 Bc4 24. f3 Ba3 25. Rxe8+ Rxe8 26. Rc2 Re1+ 27. Kf2 Ra1
28. Ke3 Bxa2 29. Ne4 Bb3 30. Re2 Bc4 31. Rc2 0-1

[Event "TCh-CHN Division A 2014"]
[Site "Jiangmen CHN"]
[Date "2014.04.15"]
[Round "4.2"]
[White "Yang, Yingxia"]
[Black "Khotenashvili, Bela"]
[Result "0-1"]
[BlackTitle "GM"]
[WhiteElo "1827"]
[BlackElo "2504"]
[WhiteTeam "Qingdao Qingwei"]
[BlackTeam "Tianjing"]
[WhiteFideId "8609837"]
[BlackFideId "13602640"]
[EventDate "2014.04.12"]

1. d4 Nf6 2. c4 c5 3. e3 g6 4. Nc3 Bg7 5. Nf3 O-O 6. Bd3 cxd4 7. exd4 d5 8. h3
Nc6 9. O-O a6 10. Be3 dxc4 11. Bxc4 b5 12. Bb3 Na5 13. Ne5 Nxb3 14. Qxb3 Be6 15.
Qd1 Rc8 16. Qd2 Qd6 17. a3 Rfd8 18. Nf3 Qb8 19. Rfe1 Qb7 20. Ne5 Ne4 21. Nxe4
Qxe4 22. Qb4 Bf6 23. f3 Qh4 24. Bf2 Qh6 25. Qa5 Bh4 26. Bxh4 Qxh4 27. Nc6 Rd6
28. Re4 Qf6 29. Ne5 Bf5 30. Re3 Rxd4 31. Rae1 Rc2 32. R3e2 Rxe2 33. Rxe2 Qd6 34.
Qc3 Be6 35. Qe3 Kg7 36. Rc2 Rd1+ 37. Kf2 Rd4 38. Kg1 Rd1+ 39. Kf2 f6 40. Rc6 Qd5
41. Rc5 Qd2+ 42. Qxd2 Rxd2+ 43. Ke3 Rxb2 44. Nc6 Bc4 45. Kf4 Rxg2 46. Nxe7 g5+
47. Kf5 Re2 0-1

[Event "TCh-CHN Division A 2014"]
[Site "Jiangmen CHN"]
[Date "2014.04.15"]
[Round "4.3"]
[White "Zeng, Chongsheng"]
[Black "Zhou, Jianchao"]
[Result "0-1"]
[WhiteTitle "GM"]
[BlackTitle "GM"]
[WhiteElo "2540"]
[BlackElo "2590"]
[WhiteTeam "Guangdong"]
[BlackTeam "Shanghai"]
[WhiteFideId "8603847"]
[BlackFideId "8603537"]
[EventDate "2014.04.12"]

1. b3 e5 2. Bb2 Nc6 3. e3 Nf6 4. Bb5 Bd6 5. Bxc6 dxc6 6. d3 Bg4 7. f3 Be6 8. e4
Nd7 9. Nc3 Qh4+ 10. g3 Qe7 11. Qd2 a5 12. Nge2 b5 13. a4 Bb4 14. O-O Bh3 15. Rf2
Bc5 16. axb5 Bxf2+ 17. Kxf2 cxb5 18. Nd5 Qd8 19. Rxa5 O-O 20. g4 Rxa5 21. Qxa5
Qh4+ 22. Ng3 Bxg4 23. fxg4 Qxh2+ 24. Kf3 Qxc2 25. Qxb5 c6 26. Qxc6 Qxd3+ 27. Kg2
Qd2+ 28. Kh3 Qxb2 29. Qxd7 Qxb3 30. g5 Qb8 31. Qf5 Qd6 32. Qg4 Qe6 33. Qxe6 fxe6
34. Ne7+ Kf7 35. Nc6 Kg6 36. Nxe5+ Kxg5 37. Nd3 Rc8 38. Nh1 Rc3 39. Nf2 h5 40.
Kg3 Kf6 41. Kh4 g6 42. Kg3 g5 43. Kf3 Ra3 44. Ke3 e5 45. Kf3 g4+ 46. Kg2 Ra5 47.
Nb4 Kg5 48. Nc6 Rc5 49. Nd8 Rc2 50. Kf1 Kf4 0-1

[Event "TCh-CHN Division A 2014"]
[Site "Jiangmen CHN"]
[Date "2014.04.15"]
[Round "4.3"]
[White "Liu, Chang"]
[Black "Lou, Yiping"]
[Result "1/2-1/2"]
[BlackTitle "IM"]
[WhiteElo "2368"]
[BlackElo "2461"]
[WhiteTeam "Guangdong"]
[BlackTeam "Shanghai"]
[WhiteFideId "8606340"]
[BlackFideId "8603928"]
[EventDate "2014.04.12"]

1. c4 g6 2. Nc3 Bg7 3. d4 d6 4. e4 e5 5. dxe5 Bxe5 6. Bd3 Nc6 7. Nge2 Bg7 8. h4
Nf6 9. f3 O-O 10. Bg5 h6 11. Be3 Re8 12. Qd2 Ne5 13. Nf4 Nxd3+ 14. Qxd3 Nd7 15.
Qd2 Ne5 16. b3 a6 17. Rc1 Bd7 18. Nd3 Nxd3+ 19. Qxd3 Bc8 20. h5 b5 1/2-1/2

[Event "TCh-CHN Division A 2014"]
[Site "Jiangmen CHN"]
[Date "2014.04.15"]
[Round "4.3"]
[White "Li, Shilong"]
[Black "Ni, Hua"]
[Result "1-0"]
[WhiteTitle "GM"]
[BlackTitle "GM"]
[WhiteElo "2495"]
[BlackElo "2677"]
[WhiteTeam "Guangdong"]
[BlackTeam "Shanghai"]
[WhiteFideId "8600678"]
[BlackFideId "8601160"]
[EventDate "2014.04.12"]

1. d4 Nf6 2. c4 e6 3. Nc3 Bb4 4. e3 O-O 5. Ne2 d5 6. a3 Be7 7. cxd5 exd5 8. Nf4
c6 9. Bd3 a5 10. O-O Bd6 11. f3 b6 12. Kh1 Bxf4 13. exf4 Ba6 14. f5 Qc8 15. Bf4
Nbd7 16. g4 h6 17. Rg1 Bxd3 18. Qxd3 Nh7 19. g5 hxg5 20. Bxg5 f6 21. Bh6 Rf7 22.
Rae1 Ndf8 23. Rg4 Raa7 24. Reg1 Ng5 25. Bxg5 fxg5 26. Rxg5 Nh7 27. Rh5 Nf6 28.
Rh4 Ne8 29. Rg5 Nf6 30. Qf1 Qa6 31. Qh3 Kf8 32. Rh8+ Ke7 33. Qg2 Qd3 34. Rxg7
Qxf5 35. Rg5 Qd3 36. Re5+ Kd6 37. Qh3 Rae7 38. Rd8+ Nd7 39. Rxe7 Rxe7 40. Qg3+
Ke6 41. Qg4+ Kf7 42. Qh5+ Ke6 43. Qg4+ Kf7 44. Qh5+ Ke6 45. Qh3+ Kd6 46. Qg3+
Ke6 47. Qf2 Nf6 48. Qe2+ Qxe2 49. Nxe2 Kf7 50. Nf4 Re3 51. Kg2 Rb3 52. Rc8 Rxb2+
53. Kg3 Rc2 54. Rc7+ Ke8 55. h4 Rc1 56. h5 c5 57. h6 Rh1 58. dxc5 bxc5 59. Rxc5
Rxh6 60. Nxd5 Rg6+ 61. Kf2 a4 62. Nxf6+ Rxf6 63. Rc4 Ra6 64. Rd4 Ke7 65. Ke3 Ke6
66. Ke4 Ra5 67. f4 Kf6 68. Rd6+ Ke7 69. Rd5 Ra6 70. Kd4 Rf6 71. Re5+ Kd6 72. Re4
Rh6 73. Kc4 Rh4 74. Kb5 Kd5 75. Rxa4 Rh3 76. Ra5 Rf3 77. f5 Kd6 1-0

[Event "TCh-CHN Division A 2014"]
[Site "Jiangmen CHN"]
[Date "2014.04.15"]
[Round "4.3"]
[White "Ju, Wenjun"]
[Black "Liu, Manli CHN"]
[Result "1/2-1/2"]
[WhiteTitle "WGM"]
[WhiteElo "2582"]
[BlackElo "1988"]
[WhiteTeam "Shanghai"]
[BlackTeam "Guangdong"]
[WhiteFideId "8603006"]
[BlackFideId "8608121"]
[EventDate "2014.04.12"]

1. c4 e6 2. Nc3 d5 3. d4 Nf6 4. Bg5 Be7 5. Nf3 h6 6. Bxf6 Bxf6 7. e3 c6 8. Be2
Nd7 9. O-O O-O 10. e4 dxe4 11. Nxe4 Be7 12. Qc2 Qc7 13. Rfd1 b6 14. Rac1 Bb7 15.
c5 Rfd8 16. b4 a5 17. a3 axb4 18. axb4 Ba6 19. cxb6 Qxb6 20. Bxa6 Qxa6 21. Nc5
Nxc5 22. bxc5 Bf6 23. Rb1 Rdb8 24. h3 Qc8 25. Ne5 Qc7 26. Rxb8+ Rxb8 27. Qe4
Bxe5 28. dxe5 Rb5 29. Qd4 Qa7 30. Qe4 Qc7 31. Qd4 Qa7 32. Qe4 1/2-1/2

[Event "TCh-CHN Division A 2014"]
[Site "Jiangmen CHN"]
[Date "2014.04.15"]
[Round "4.3"]
[White "Zhang, Xiaowen"]
[Black "Li, Xueyi"]
[Result "1/2-1/2"]
[WhiteTitle "WGM"]
[WhiteElo "2355"]
[BlackElo "2193"]
[WhiteTeam "Shanghai"]
[BlackTeam "Guangdong"]
[WhiteFideId "8603219"]
[BlackFideId "8605912"]
[EventDate "2014.04.12"]

1. e4 c6 2. d3 d5 3. Nd2 e5 4. Ngf3 Qc7 5. g3 Nf6 6. Bg2 Be7 7. O-O O-O 8. Re1
d4 9. h3 c5 10. Rf1 Nc6 11. Ne1 Ne8 12. f4 exf4 13. gxf4 f5 14. e5 Be6 15. Nef3
Rd8 16. h4 h6 17. Kh1 Rd7 18. h5 Nb4 19. Rg1 b5 20. a3 Nd5 21. Nf1 Qd8 22. a4 b4
23. Bd2 Nec7 24. Bh3 Qe8 25. N3h2 Kh8 26. Qe2 Bh4 27. Nf3 Bd8 28. Ng3 Rdf7 29.
Kh2 Bd7 30. b3 Ne6 31. Qf1 Ndxf4 32. Nxd4 Nxh3 33. Nxe6 Nxg1 34. Nxf8 Rxf8 35.
Bf4 Bh4 36. Qxg1 Bxg3+ 37. Kxg3 Qxh5 38. Qh2 Qg6+ 39. Kf2 Qh7 40. Rg1 g5 41. e6
Bxe6 42. Bxg5 hxg5 43. Qe5+ Qg7 44. Rh1+ Kg8 45. Qxe6+ Qf7 46. Qh6 Qg7 47. Qe6+
Qf7 48. Qh6 Qg7 49. Qe6+ 1/2-1/2

[Event "TCh-CHN Division A 2014"]
[Site "Jiangmen CHN"]
[Date "2014.04.15"]
[Round "4.4"]
[White "Yu, Ruiyuan"]
[Black "Zvjaginsev, Vadim"]
[Result "1/2-1/2"]
[WhiteTitle "GM"]
[BlackTitle "GM"]
[WhiteElo "2552"]
[BlackElo "2655"]
[WhiteTeam "Jiangsu"]
[BlackTeam "Chongqing"]
[WhiteFideId "8603090"]
[BlackFideId "4113403"]
[EventDate "2014.04.12"]

1. e4 e6 2. d4 d5 3. Nc3 Nf6 4. e5 Nfd7 5. f4 c5 6. Nf3 Nc6 7. Be3 cxd4 8. Nxd4
Bc5 9. Qd2 O-O 10. O-O-O a6 11. Qf2 Nxd4 12. Bxd4 Bxd4 13. Qxd4 b5 14. Kb1 Bb7
15. Bd3 Rc8 16. Rhe1 Nc5 17. Re3 Nxd3 18. Qxd3 g6 19. Ne2 d4 20. Nxd4 Qh4 21.
Qf1 Qxh2 22. Rd2 Rfd8 23. c3 Qh4 24. g3 Qh1 25. Qxh1 Bxh1 26. a3 h5 27. Kc1 Kg7
28. Red3 Rh8 29. Rh2 Be4 30. Rd1 Bd5 1/2-1/2

[Event "TCh-CHN Division A 2014"]
[Site "Jiangmen CHN"]
[Date "2014.04.15"]
[Round "4.4"]
[White "Lin, Chen"]
[Black "Wang, Chen"]
[Result "1/2-1/2"]
[WhiteTitle "IM"]
[BlackTitle "IM"]
[WhiteElo "2463"]
[BlackElo "2508"]
[WhiteTeam "Jiangsu"]
[BlackTeam "Chongqing"]
[WhiteFideId "8602298"]
[BlackFideId "8601020"]
[EventDate "2014.04.12"]

1. e4 c5 2. Nf3 e6 3. d4 cxd4 4. Nxd4 Nc6 5. Nc3 Qc7 6. g3 a6 7. Bg2 Nf6 8. O-O
Be7 9. Re1 Nxd4 10. Qxd4 d6 11. e5 dxe5 12. Rxe5 O-O 13. Bf4 Ne8 14. Rd1 Bd6 15.
Re3 Bxf4 16. gxf4 Rb8 17. Na4 b5 18. Rc3 Qd7 19. Qxd7 Bxd7 20. Nc5 Bc8 21. b4
Rb6 22. Rcd3 Nf6 23. Rd8 Nd5 24. Rxf8+ Kxf8 25. Bxd5 exd5 26. Rxd5 Ke7 27. Kg2
Rf6 28. Kf1 Rh6 29. Rd4 Rg6 1/2-1/2

[Event "TCh-CHN Division A 2014"]
[Site "Jiangmen CHN"]
[Date "2014.04.15"]
[Round "4.4"]
[White "Huang, Qian"]
[Black "Guo, Qi"]
[Result "1-0"]
[WhiteTitle "WGM"]
[BlackTitle "WGM"]
[WhiteElo "2464"]
[BlackElo "2458"]
[WhiteTeam "Chongqing"]
[BlackTeam "Jiangsu"]
[WhiteFideId "8602689"]
[BlackFideId "8604002"]
[EventDate "2014.04.12"]

1. c4 e6 2. Nc3 d5 3. d4 Be7 4. Nf3 Nf6 5. cxd5 exd5 6. Bg5 c6 7. e3 Bf5 8. Bd3
Bxd3 9. Qxd3 Nbd7 10. O-O O-O 11. a3 a5 12. Rab1 Ne4 13. Bf4 Ndf6 14. Na4 Bd6
15. Be5 Qe7 16. Bxd6 Nxd6 17. Qc2 Nd7 18. Nc5 Nxc5 19. Qxc5 Rfe8 20. Rfc1 Nc4
21. Qxe7 Rxe7 22. a4 f6 23. b3 Nd6 24. Ne1 Kf7 25. Nd3 h5 26. h4 g6 27. g3 Ne4
28. Kg2 Ra7 29. Rc2 Nd6 30. Nf4 Ra8 31. Rg1 Nf5 32. Rc3 Ree8 33. Kh3 Rh8 34. Nd3
Nd6 35. Rc2 Ra7 36. Kg2 Nf5 37. Kf3 Re8 38. Nf4 Raa8 39. Rd1 Ng7 40. Rcc1 Ne6
41. Nd3 Ra6 42. Rc3 Rb6 43. Kg2 Ra6 44. Rb1 Re7 45. Nf4 Nxf4+ 46. gxf4 f5 47.
Kf3 Ke8 48. Ke2 Kd7 49. Kd2 Ra7 50. Rg1 Re6 51. Rcc1 Ke7 52. Rb1 Rd6 53. b4 axb4
54. Rxb4 Kd8 55. Kc3 Kc7 56. Rgb1 Rd8 57. R4b2 Re8 58. Rg1 Re6 59. Kb4 Ra6 60.
Ra2 Rb6+ 61. Kc3 Ra6 62. a5 Kc8 63. Raa1 Kc7 64. Kb4 Kd6 65. Rab1 Ra8 66. Rb2
Kc7 67. Ra2 Ra6 68. Kc3 Kc8 69. Raa1 Kc7 70. Rg5 c5 71. dxc5 Kc6 72. Kd3 Kxc5
73. Rgg1 b6 74. Rgc1+ Kd6 75. axb6 Rxb6 76. Ra7 Rb2 77. Rca1 Kc5 78. R1a5+ Rb5
79. Rxb5+ Kxb5 80. Kd4 Rc6 81. Kxd5 Rc2 82. Rb7+ Ka4 83. Rg7 Rxf2 84. Rxg6 Rf3
85. Rg5 Rxe3 86. Rxf5 Rf3 87. Ke4 Rf1 88. Rxh5 Kb4 89. Rg5 Kc4 90. h5 Re1+ 91.
Kf5 Kd5 92. Kg6+ Kd6 93. h6 Re6+ 94. Kh5 Re1 95. h7 Rh1+ 96. Kg6 Ke7 97. Rh5 1-0

[Event "TCh-CHN Division A 2014"]
[Site "Jiangmen CHN"]
[Date "2014.04.15"]
[Round "4.4"]
[White "Tan, Zhongyi"]
[Black "Shen, Yang"]
[Result "1-0"]
[WhiteTitle "WGM"]
[BlackTitle "IM"]
[WhiteElo "2465"]
[BlackElo "2475"]
[WhiteTeam "Chongqing"]
[BlackTeam "Jiangsu"]
[WhiteFideId "8603642"]
[BlackFideId "8603162"]
[EventDate "2014.04.12"]

1. Nf3 d5 2. g3 c6 3. Bg2 Bg4 4. O-O Nd7 5. d3 e5 6. e4 dxe4 7. dxe4 Ngf6 8. h3
Bxf3 9. Qxf3 Be7 10. Nd2 O-O 11. Nb3 Qc7 12. Be3 Rfd8 13. Qe2 c5 14. Nd2 Nb8 15.
a4 Nc6 16. c3 Qd7 17. a5 Ne8 18. Nc4 Qd3 19. Qxd3 Rxd3 20. Rfd1 Rad8 21. Rxd3
Rxd3 22. Bf1 Rd7 23. a6 b6 24. b4 f6 25. b5 Nd8 26. Nxb6 axb6 27. a7 Nc7 28.
Bc4+ Nf7 29. a8=Q+ Nxa8 30. Rxa8+ Rd8 31. Ra7 Kf8 32. Bd5 Nd6 33. c4 Ke8 34. f4
Kf8 35. Kg2 Rc8 36. Kf3 Bd8 37. Rd7 Be7 38. Bc1 Rd8 39. Ra7 f5 40. fxe5 fxe4+
41. Bxe4 Nxc4 42. Rxe7 Kxe7 43. Bg5+ Kd7 44. e6+ Kc7 45. e7 Re8 46. Bxh7 Kd6 47.
Ke4 Na3 48. Bg6 Rxe7+ 49. Bxe7+ Kxe7 50. Kd5 Nxb5 51. Bd3 Nd4 52. h4 Kf6 53. g4
Nf3 54. g5+ Ke7 55. h5 Nxg5 56. Kc6 Ne6 57. Kxb6 Kd6 58. Bc4 Nf4 59. Bf7 Ne2 60.
Kb5 Nf4 61. Kb6 Nd3 62. Kb5 Ne5 63. Bg8 Nd7 64. Bf7 Ke7 65. Ba2 Kd6 66. Bf7 Nf6
67. Kb6 Ne4 68. Kb5 Ke5 69. Kc6 Kd4 70. Kd7 Nf6+ 71. Ke7 Ke5 72. Kf8 Nxh5 73.
Bxh5 g5 74. Kf7 c4 75. Kg6 c3 76. Bd1 g4 1-0

[Event "TCh-CHN Division A 2014"]
[Site "Jiangmen CHN"]
[Date "2014.04.15"]
[Round "4.5"]
[White "Ma, Zhonghan"]
[Black "Wan, Yunguo"]
[Result "1/2-1/2"]
[BlackTitle "IM"]
[WhiteElo "2471"]
[BlackElo "2493"]
[WhiteTeam "Qingdao Experimental School"]
[BlackTeam "Hebei"]
[WhiteFideId "8607206"]
[BlackFideId "8603189"]
[EventDate "2014.04.12"]

1. d4 Nf6 2. c4 g6 3. Nc3 Bg7 4. Nf3 O-O 5. g3 d6 6. Bg2 Nc6 7. O-O a6 8. Qd3
Bf5 9. e4 Bg4 10. d5 Bxf3 11. Qxf3 Nd4 12. Qd1 c5 13. Be3 Nd7 14. Ne2 Nxe2+ 15.
Qxe2 b5 16. Rab1 Qa5 17. b3 bxc4 18. bxc4 Rfb8 19. Rb3 Rxb3 20. axb3 Qc3 21. Qa2
Ne5 22. Rc1 Qd3 23. h3 h5 24. Qa4 Rb8 25. Qxa6 Rxb3 26. Qa4 Rb8 27. Qc2 Qxc2 28.
Rxc2 Rb1+ 29. Kh2 Nd3 30. Rd2 Nb2 31. Rc2 Nd1 32. Bg5 Bd4 33. Bxe7 Nxf2 34. Bxd6
Nd3 35. h4 Bg1+ 36. Kh3 Nf2+ 37. Rxf2 Bxf2 38. e5 Bd4 39. e6 fxe6 40. dxe6 Re1
41. Bd5 Kg7 42. Kg2 Kf6 43. e7 Rxe7 44. Bxe7+ Kxe7 1/2-1/2

[Event "TCh-CHN Division A 2014"]
[Site "Jiangmen CHN"]
[Date "2014.04.15"]
[Round "4.5"]
[White "Xu, Zhihang"]
[Black "Yang, Kaiqi"]
[Result "1/2-1/2"]
[BlackTitle "IM"]
[WhiteElo "2119"]
[BlackElo "2351"]
[WhiteTeam "Qingdao Experimental School"]
[BlackTeam "Hebei"]
[WhiteFideId "8611572"]
[BlackFideId "8604398"]
[EventDate "2014.04.12"]

1. d4 Nf6 2. c4 e6 3. Nc3 Bb4 4. Qc2 c5 5. dxc5 O-O 6. Bg5 Na6 7. a3 Bxc3+ 8.
Qxc3 Nxc5 9. f3 Nfe4 10. Bxd8 Nxc3 11. Be7 Nb3 12. Bxf8 Kxf8 13. Rd1 Nxd1 14.
Kxd1 d5 15. e3 Bd7 16. cxd5 exd5 17. Ne2 Re8 18. Nc3 Bc6 19. Kc2 Rxe3 20. Kxb3
d4 21. Bd3 Rxd3 22. Kc2 Re3 23. Kd2 g5 24. Nd1 Re6 25. Nf2 f5 26. Rc1 Ke7 27.
Rc5 Kf6 28. Nd3 a6 29. Rc4 Rd6 30. Rc5 b6 31. Rc1 h5 32. Nb4 Bb5 33. Rc7 a5 34.
Nd3 h4 35. f4 Bxd3 36. fxg5+ Kxg5 37. Kxd3 h3 38. g3 f4 39. Rg7+ Kh5 40. gxf4
Rf6 41. Rg3 Kh4 42. Ke4 Re6+ 43. Kf5 Re2 44. Rg4+ Kh5 45. Rg8 Kh6 46. Rh8+ Kg7
47. Rxh3 Re3 48. Rh4 d3 49. Rg4+ Kf7 50. Rg1 Re2 51. Rd1 Rxh2 52. Rxd3 Rxb2 53.
Rd7+ Ke8 54. Rb7 Rb3 55. Ke6 Re3+ 56. Kf6 Rxa3 57. Rxb6 Rf3 58. Rb8+ Kd7 59. f5
a4 60. Rb7+ Kc6 61. Ra7 Kb5 1/2-1/2